Statystyki dla Dyskografia - Taco Hemingway

Kliknij tutaj aby rozwiązać quiz!

Ogólne statystyki

  • Ten quiz został rozwiązany 127 razy
    (62 od ostatniego zresetowania)
  • Średni wynik to 11 z 14

Statystyki odpowiedzi

RokTytułWydanie% Poprawnych
2016MarmurAlbum
98%
20231-800-OŚWIECENIEAlbum
94%
2014Trójkąt WarszawskiEP
94%
2020EuropaAlbum
92%
2020JarmarkAlbum
92%
2018Café BelgaAlbum
90%
2018Soma 0,5 mgAlbum Kolaboracyjny
86%
2015Umowa o dziełoEP
84%
2017SzprycerEP
82%
2016WOSKEP
78%
2018FlageyEP
74%
2013Young HemsEP
62%
2019POCZTÓWKA Z WWA, LATO '19Album
56%
20180,25 mgAlbum Kolaboracyjny
42%

Rozkład punktacji

Percentyl według liczby udzielonych odpowiedzi

Procent ludzi z każdym wynikiem

Twoja historia wyników

Nie rozwiązałeś tego quizu od ostatniego zresetowania